শিক্ষা সংস্কৃতি প্রগতি / (Record no. 351)
[ view plain ]
| 000 -LEADER | |
|---|---|
| fixed length control field | 00804nam a2200253 a 4500 |
| 001 - CONTROL NUMBER | |
| JCCL Control Number | 351 |
| 003 - CONTROL NUMBER IDENTIFIER | |
| JCCL marc code | BD-JhCC |
| 005 - DATE AND TIME OF LATEST TRANSACTION | |
| control field | 20191019095840.0 |
| 008 - FIXED-LENGTH DATA ELEMENTS--GENERAL INFORMATION | |
| fixed length control field | 171004s2009 bg ||||| |||| 00| 0 ben d |
| 020 ## - INTERNATIONAL STANDARD BOOK NUMBER | |
| International Standard Book Number | 9847013800316 |
| 035 ## - SYSTEM CONTROL NUMBER | |
| system control number | (BD-JhCC)351 |
| 040 ## - CATALOGING SOURCE | |
| Original cataloging agency | BD-JhCC |
| Modifying agency | BD-JhCC |
| 041 ## - LANGUAGE CODE | |
| Language code of Book | ben |
| 082 ## - DEWEY DECIMAL CLASSIFICATION NUMBER | |
| DDC Edition number | 22 |
| Classification number | 370 |
| Author mark and Year | SHA 2009 |
| 100 ## - MAIN ENTRY--PERSONAL NAME | |
| Personal name | শরীফ ,আহমদ |
| 245 ## - TITLE STATEMENT | |
| Title | শিক্ষা সংস্কৃতি প্রগতি / |
| Statement of responsibility, etc | আহমদ শরীফ : ড. নেহাল করিম , |
| 260 ## - PUBLICATION, DISTRIBUTION, ETC. (IMPRINT) | |
| Place of publication, distribution, etc | ঢাকা , |
| Name of publisher, distributor, etc | বিদ্যাপ্রকাশ , |
| Date of publication, distribution, etc | ২০০৯ |
| 300 ## - PHYSICAL DESCRIPTION | |
| Pagination | 384p. ; |
| Dimensions | 22cm. |
| 650 ## - SUBJECT ADDED ENTRY--TOPICAL TERM | |
| General subdivision | Education |
| Geographic subdivision | Bangladesh |
| 700 ## - ADDED ENTRY--PERSONAL NAME | |
| Personal name | শরীফ ,আহমদ |
| 700 ## - ADDED ENTRY--PERSONAL NAME | |
| Personal name | করিম ,ড. নেহাল |
| 942 ## - ADDED ENTRY ELEMENTS (KOHA) | |
| Source of classification or shelving scheme | Dewey Decimal Classification |
| Koha item type | Books |
| Source of classification or shelving scheme | Damaged status | Not for loan | Home library | Current library | Shelving location | Cost, normal purchase price | Total Checkouts | Full call number | Barcode | Date last seen | Copy number | Koha item type |
|---|---|---|---|---|---|---|---|---|---|---|---|---|
| Dewey Decimal Classification | JCC Rouf Library | JCC Rouf Library | General Stacks | 400.00 | 370 SHA 2009 | 10563 | 02/17/2018 | C-2 | Books |